01185nam a2200193Ia 4500001001000000003001000010008004100020040002500061041001300086100003000099245004800129250001100177260009500188300002800283500026600311501011400577520026600691650003400957L235-7389IT-CnALBA170116s9999||||xx |||||||||||||| ||und|| aIT-CnALBAcIT-CnALBA aITALIANO aGEMELLI P. AGOSTINO, OFM. 0aLA TEOLOGIA MARIANA NELLA VITA SPIRITUALE.  a1a ed. aMILANObVITA E PENSIERO. SOCIETÀ EDITRICEc1948 [1° Ed.:1948 - Ed.Ling.Originale: 1948] a214 p. (prefazione: 79) aIV SETTIMANA DI SPIRITUALITÀ MARIANA DELL'UNIVERSITÀ DEL SACRO CUORE (1948). COAUTORI: BATTISTA ANDRETTA, BIASUTTI GUGLIELMO, CASTANO LUIGI, ROSCHINI GABRIELE, OLGIATI FRANCESCO, FERDINANDO ANTONELLI. MARIA MODELLO E GUIDA DELLA VITA SPIRITUALE. MATERNITÀ aSocietà San Paolo EM - Piazza San Paolo, 14 - 12051 ALBA (CN) (non commercial uses only) ® Copyright 2017 aIV SETTIMANA DI SPIRITUALITÀ MARIANA DELL'UNIVERSITÀ DEL SACRO CUORE (1948). COAUTORI: BATTISTA ANDRETTA, BIASUTTI GUGLIELMO, CASTANO LUIGI, ROSCHINI GABRIELE, OLGIATI FRANCESCO, FERDINANDO ANTONELLI. MARIA MODELLO E GUIDA DELLA VITA SPIRITUALE. MATERNITÀ aMARIA SS. ANGELI SANTI DEMONI